| 000 | 00512nam a22001817a 4500 | ||
|---|---|---|---|
| 003 | NUST | ||
| 005 | 20260217163710.0 | ||
| 008 | 260217b ||||| |||| 00| 0 eng d | ||
| 020 | _a978-0134058160 | ||
| 082 |
_a621.3678 _bJEN |
||
| 100 |
_aJohn Jensen. _9133320 |
||
| 245 |
_aIntroductory Digital Image Processing: A Remote Sensing Perspective / _cJohn Jensen. |
||
| 250 | _a4th Edition | ||
| 260 |
_aUSA: _bPearson Education, _c2015. |
||
| 300 |
_a656 p ; _c33.8cm |
||
| 563 | _aHardcover | ||
| 942 |
_2ddc _cBK |
||
| 999 |
_c616293 _d616293 |
||